000 00776nam a2200229 a 4500
001 71692
003 BD-RjUL
005 20211209082140.0
008 170507s1958 nyu 000 0 eng d
035 _a(BD-RjUL)71908
040 _aBD-RjUL
_beng
_cBD-RjUL
_dBD-RjUL
041 _aeng
082 _223
_a530.1433
_bSEL 1958
245 0 0 _aSelected papers on quantum electrodynamics /
_cedited by Juluan Schwinger
260 _aNew York :
_bDover Publications, Inc,
_cc1958
300 _axvii, 424 p. :
_bill. ;
_c24 cm
490 1 _aDover books on engineering and engineering physics
650 0 _aQuantum electrodynamics
_9156290
700 1 _aSchwinger, Julian,
_d1918-1994.
_9212120
830 _aDover books on engineering and engineering physics
_9212121
942 _2ddc
_cBK
999 _c71692
_d71692